| 000 | 00484nam a2200157 i 4500 | ||
|---|---|---|---|
| 001 | 28767 | ||
| 003 | ES-MaACL | ||
| 005 | 20230906153927.0 | ||
| 007 | t| | ||
| 008 | 030120s1963 sp ||||1| spa d | ||
| 100 | 1 |
_aBalagué, Miguel. _924798 |
|
| 245 | 1 | 0 |
_aJesucristo vida y luz _b: estudio de los doce primeros capítulos del Evangelio de San Juan / _cMiguel Balagué. |
| 260 |
_aMadrid : _bStudium, _c[1963] |
||
| 300 |
_a413 p. ; _c22 cm. |
||
| 852 |
_aES-MaACL _jC-23705 _bR.52399 |
||
| 999 |
_c28767 _d28767 |
||